000 00752nam a2200229Ia 4500
003 OSt
005 20231005154542.0
008 210716s1963 xx 000 0 und d
040 _cAIMIT LIBRARY
041 _aeng
082 _a374.22
_21
_bBOND
100 _aBonhoeffer, Dietrich.
_9136329
245 _aCost of discipleship /
_cBy Dietrich Bonhoeffer.
250 _a1st ed.
_bRevised and Unabridged Edition.
260 _aNew York :
_bMac Millan Publishing Company ,
_c1963.
300 _a352p. ;
_bPB
_c18 cm
650 _aGeneral Knowledge
_9136330
651 _aGrace and discipleship
_9136331
651 _aThe sermon on the mount
_9136332
651 _aThe mssengers
_9136333
942 _2ddc
_cBK
_e1st
_i374.22BOND
999 _c201017
_d201017